La obra escultórica de Miguel Angel

Gardado en:
Detalles Bibliográficos
Autor Principal: Battisti, Eugenio (Author)
Formato: Libro
Idioma:Lingua castelá
Publicado: Madrid Cupsa 1982
Series:Documentos de Arte
Subjects:
Tags: Engadir etiqueta
Sen Etiquetas, Sexa o primeiro en etiquetar este rexistro!

MARC

LEADER 00000nam a2200000 a 4500
001 UCP8244
003 CL-VaPUC
008 000114e19820000SP |||||||||||||||||spa|d
082 0 4 |a 730.092  |b BAT  |2 21 
100 0 |a Battisti, Eugenio  |e author  |9 438070 
245 1 3 |a La obra escultórica de Miguel Angel 
300 |a 75 p 
942 |c BK 
945 |d 20000114 00:00:00  |a crobeson 
260 |a Madrid  |b Cupsa  |c 1982 
600 0 |a Miguel Angel  |q (Buonarroti, Michelangelo)  |d 1475-1564  |9 880971 
650 7 |a ESCULTURA ITALIANA  |2 CL-VaPUC  |9 329274 
650 7 |a ESCULTORES ITALIANOS  |2 CL-VaPUC  |9 268616 
650 7 |a ESCULTURA RENACENTISTA  |2 CL-VaPUC  |9 265682 
583 |a last modification  |c 20000114 00:00:00  |k Rodrigo Vera 
490 0 |a Documentos de Arte 
999 |c 285176  |d 285174 
952 |0 0  |1 0  |4 0  |6 730_092000000000000_BAT_1982  |7 0  |8 A  |9 329596  |a BIBHIS  |b BIBHIS  |d 2019-11-20  |i 1390783  |o 730.092 BAT 1982  |p 1390783  |r 2025-01-20  |w 2019-11-20  |y BK  |k HIS